00481nam a2200157 a 4500008004100000020002200041100002000063245011100083260003900194300002100233500002000254650002200274003000100296005001700297040000900314  a0722512368 (pbk.)1 aTurner, Stuart.10aThorsons guide to public relations :bhow to give any project the best chance of success /cStuart Turner. aWellingborough :bThorsons,c1987. a127 p. ;c22 cm. aIncludes index. 0aPublic relations.20230123133640.0 cNUST